Poemas
Guardat en:
| Autor principal: | |
|---|---|
| Format: | Llibre |
| Idioma: | espanyol |
| Publicat: |
Barcelona
Argonauta
1980
|
| Matèries: | |
| Etiquetes: |
Afegir etiqueta
Sense etiquetes, Sigues el primer a etiquetar aquest registre!
|
MARC
| LEADER | 00000nam a2200000 a 4500 | ||
|---|---|---|---|
| 001 | UCV9254 | ||
| 003 | CL-VaPUC | ||
| 008 | 920723e19800000SP |||||||||||||||||spa|d | ||
| 082 | 0 | 4 | |a 821 |b LAW |2 21 |
| 100 | |a Lawrence, David Herbert |e author |9 303256 | ||
| 245 | 1 | 0 | |a Poemas |
| 300 | |a 89 p | ||
| 942 | |c BK | ||
| 945 | |d 19920723 00:00:00 | ||
| 260 | |a Barcelona |b Argonauta |c 1980 | ||
| 650 | 0 | |a Poesías inglesas |9 265094 | |
| 583 | |a last modification |c 19920723 00:00:00 |k Rodrigo Vera | ||
| 999 | |c 214621 |d 214619 | ||
| 952 | |0 0 |1 0 |4 0 |6 821_000000000000000_LAW_1980 |7 0 |8 A |9 198192 |a BIBARQ |b BIBARQ |d 2019-11-14 |i 265735K |o 821 LAW 1980 |p 265735K |r 2025-01-20 |w 2019-11-14 |y BK |k ARQ | ||
| 952 | |0 0 |1 0 |4 0 |6 821_000000000000000_LAW_1980 |7 0 |8 A |9 198193 |a BIBARQ |b BIBARQ |d 2019-11-14 |i 3417549 |o 821 LAW 1980 |p 3417549 |r 2025-01-20 |w 2019-11-14 |y BK |k ARQ | ||
| 952 | |0 0 |1 0 |4 0 |6 821_000000000000000_LAW_1980 |7 0 |8 A |9 198194 |a BIBART |b BIBART |d 2019-11-14 |i 1381334 |l 2 |o 821 LAW 1980 |p 1381334 |r 2025-03-13 |s 2024-06-27 |w 2019-11-14 |y BK |k ART | ||